[Event "Mittelfranken Landesliga Nord 2122"]
[Site "Mittelfranken"]
[Date "2022.06.26"]
[Round "3.8"]
[White "Piehler, Sebastian"]
[Black "Goetz, Andreas"]
[Result "1-0"]
[WhiteElo "1802"]
[BlackElo "1960"]
[PlyCount "33"]
[EventDate "2021.10.24"]
[EventType "team-tourn"]
[EventRounds "9"]
[EventCountry "GER"]
[SourceTitle "EXT 2024"]
[Source "ChessBase"]
[SourceDate "2023.10.10"]
[SourceVersion "1"]
[SourceVersionDate "2023.10.10"]
[SourceQuality "1"]
[WhiteTeam "Kelheim"]
[BlackTeam "Erlangen II"]
[WhiteTeamCountry "GER"]
[BlackTeamCountry "GER"]

1. d4 Nf6 2. c4 e6 3. Nf3 Bb4+ 4. Bd2 Qe7 5. g3 Ne4 6. a3 Nxd2 7. Nbxd2 Bxd2+ 8. Qxd2 d6 9. Bg2 Nd7 10. e4 e5 11. 0-0 0-0 12. Rae1 a5 13. b3 b6 14. Nh4 g6 15. f4 f6 16. dxe5 dxe5 17. Qd5+ 1-0